Normal view MARC view

Entry Personal Name

Number of records used in: 2

001 - CONTROL NUMBER

  • control field: 81743

003 - CONTROL NUMBER IDENTIFIER

  • control field: dpl

005 - DATE AND TIME OF LATEST TRANSACTION

  • control field: 20250606113200.0

008 - FIXED-LENGTH DATA ELEMENTS

  • fixed length control field: 250606|| aca||aabn | a|a d

040 ## - CATALOGING SOURCE

  • Original cataloging agency: dpl
  • Transcribing agency: dpl

100 ## - HEADING--PERSONAL NAME

  • Personal name: वर्गीस, क्रिस्टी

670 ## - SOURCE DATA FOUND

  • Source citation: Work cat.: (dpl)211607: वर्गीस, क्रिस्टी , सी. एस. आई. आर.-नेट/, 2022

© Delhi Public Library
Hit Counter
free hit counter